Wybrane metody utilizacji odpadów przemysłowych

Salvato in:
Dettagli Bibliografici
Autore principale: Rutkowska, Małgorzata
Altri autori: Kudłaszyk, Andrzej
Natura: Capitolo di libro
Lingua:polacco
Tags: Aggiungi Tag
Nessun Tag, puoi essere il primo ad aggiungerne!!

MARC

LEADER 00000naa$a2200000$$$4500
001 0151288
005 20221129071955.0
041 0 |a pol 
044 |a PL 
245 1 0 |a Wybrane metody utilizacji odpadów przemysłowych  |c Małgorzata Rutkowska, Andrzej Kudłaszyk 
100 1 |a Rutkowska, Małgorzata 
700 1 |a Kudłaszyk, Andrzej